Statistics for County Seats of New Jersey

Click here to take the quiz!

General Stats

  • This quiz has been taken 236 times
  • The average score is 13 of 21

Answer Stats

countycounty seat% Correct
CamdenCamden
90%
MercerTrenton
88%
Cape MayCape May Court House
86%
EssexNewark
86%
HudsonJersey City
83%
MorrisMorristown
79%
UnionElizabeth
73%
MiddlesexNew Brunswick
72%
PassaicPaterson
72%
OceanToms River
64%
SalemSalem
63%
SomersetSomerville
56%
MonmouthFreehold
50%
SussexNewton
50%
BergenHackensack
49%
HunterdonFlemington
48%
WarrenBelvidere
37%
CumberlandBridgeton
36%
BurlingtonMount Holly
32%
AtlanticMays Landing
29%
GloucesterWoodbury
22%

Score Distribution

Percentile by Number Answered

Percent of People with Each Score

Your Score History

You have not taken this quiz